000 01092nmm a2200301 a 4500
003 AR-BaBNM
005 20251128203237.0
008 011101s1995 ||||||||||||||000 | spa||
020 _a956-201-109-6
040 _cAR-BaBNM
245 1 0 _aFormar niños productores de textos
250 _a5ª ed.
260 _aSantiago de Chile
_bDolmen Ediciones
_c1995
300 0 _a233 p.
_btablas, il., diagr.
500 1 _aEste libro fue escrito conjuntamente por un grupo de dieciséis profesores de enseñanza básica de ocho escuelas de la circunscripción de ECOUEN en Francia, bajo la supervisión de Josette Jolibert, profesora de la Escuela Normal de Cergy, en el mismo depart
650 4 _aESCRITURA
650 4 _aENSENANZA DE LA ESCRITURA
650 4 _aGRAMATICA
650 4 _aREDACCION
650 4 _aGENEROS LITERARIOS
650 4 _aAPRECIACION LITERARIA
653 _aENSENANZA DE LA LENGUA
700 1 _aJolibert, Josette
_ecoordinador
700 1 _aGaldamanes Franco, Viviana
_etraductor
700 1 _aMedina Moreno, Alejandra
_etraductor
942 _cBK
998 _cSILVI
999 _c2556
_d2556